| 000 | 00526nam a22001937a 4500 | ||
|---|---|---|---|
| 003 | LC | ||
| 005 | 20170227154450.0 | ||
| 008 | 130418t xxu||||| |||| 00| 0 eng d | ||
| 020 | _a9715903002 | ||
| 050 |
_aBV 1534.5 _b.B356 1979 |
||
| 082 |
_aFIL 248.50715 _bB34 1979 |
||
| 100 | _aBaybay, Monina | ||
| 245 |
_aGroup dynamics from the gospel / _cBaybay, Monina |
||
| 260 |
_aPasay City : _bPulines Publishing House, _c1979. |
||
| 300 |
_a107p. : _bill. ; _c20 cm. |
||
| 562 | _e1 | ||
| 942 |
_2lcc _cBK |
||
| 999 |
_c2857 _d2857 |
||